The captain / (Record no. 124942)
[ view plain ]
| 000 -LEADER | |
|---|---|
| fixed length control field | 01887pam a2200505 a 4500 |
| 001 - CONTROL NUMBER | |
| control field | fol18070047 |
| 003 - CONTROL NUMBER IDENTIFIER | |
| control field | ICrlF |
| 005 - DATE AND TIME OF LATEST TRANSACTION | |
| control field | 20250904223549.0 |
| 008 - FIXED-LENGTH DATA ELEMENTS--GENERAL INFORMATION | |
| fixed length control field | 170801s2018 mnu d 000 1 eng |
| 010 ## - LIBRARY OF CONGRESS CONTROL NUMBER | |
| LC control number | 2017021456 |
| 020 ## - INTERNATIONAL STANDARD BOOK NUMBER | |
| International Standard Book Number | 9781541500273 |
| 035 ## - SYSTEM CONTROL NUMBER | |
| System control number | (ICrlF)1220YK |
| 040 ## - CATALOGING SOURCE | |
| Original cataloging agency | DLC |
| Language of cataloging | eng |
| Transcribing agency | DLC |
| Modifying agency | ICrlF |
| 042 ## - AUTHENTICATION CODE | |
| Authentication code | pcc |
| -- | lcac |
| 050 00 - LIBRARY OF CONGRESS CALL NUMBER | |
| Classification number | PZ7.K8793 |
| Item number | Cap 2018 |
| 082 00 - DEWEY DECIMAL CLASSIFICATION NUMBER | |
| Classification number | [Fic] |
| Edition number | 23 |
| 100 1# - MAIN ENTRY--PERSONAL NAME | |
| Personal name | Kreie, Chris. |
| 9 (RLIN) | 41267 |
| 245 14 - TITLE STATEMENT | |
| Title | The captain / |
| Statement of responsibility, etc | Chris Kreie. |
| 260 ## - PUBLICATION, DISTRIBUTION, ETC. (IMPRINT) | |
| Place of publication, distribution, etc | Minneapolis : |
| Name of publisher, distributor, etc | Darby Creek, |
| Date of publication, distribution, etc | [2018] |
| 300 ## - PHYSICAL DESCRIPTION | |
| Extent | 97 p. ; |
| Dimensions | 20 cm. |
| 490 1# - SERIES STATEMENT | |
| Series statement | Kick! |
| 510 3# - CITATION/REFERENCES NOTE | |
| Name of source | Voice of Youth Advocates (V.O.Y.A.), April 2018 |
| 520 ## - SUMMARY, ETC. | |
| Summary, etc | "When a scandal upsets the high school soccer team, the captain, Malik, struggles to bring his team back together and learn to trust a new coach"-- |
| -- | Provided by publisher. |
| 521 0# - TARGET AUDIENCE NOTE | |
| Target audience note | 2.7. |
| 521 2# - TARGET AUDIENCE NOTE | |
| Target audience note | Young Adult |
| Source | Follett School Solutions. |
| 650 #0 - SUBJECT ADDED ENTRY--TOPICAL TERM | |
| Topical term or geographic name as entry element | Soccer stories. |
| 650 #0 - SUBJECT ADDED ENTRY--TOPICAL TERM | |
| Topical term or geographic name as entry element | Leadership |
| Form subdivision | Juvenile fiction. |
| 9 (RLIN) | 54697 |
| 650 #0 - SUBJECT ADDED ENTRY--TOPICAL TERM | |
| Topical term or geographic name as entry element | Teamwork (Sports) |
| Form subdivision | Juvenile fiction. |
| 9 (RLIN) | 35876 |
| 650 #0 - SUBJECT ADDED ENTRY--TOPICAL TERM | |
| Topical term or geographic name as entry element | Conduct of life |
| Form subdivision | Juvenile fiction. |
| 650 #0 - SUBJECT ADDED ENTRY--TOPICAL TERM | |
| Topical term or geographic name as entry element | High schools |
| Form subdivision | Juvenile fiction. |
| 650 #0 - SUBJECT ADDED ENTRY--TOPICAL TERM | |
| Topical term or geographic name as entry element | Schools |
| Form subdivision | Juvenile fiction. |
| 650 #1 - SUBJECT ADDED ENTRY--TOPICAL TERM | |
| Topical term or geographic name as entry element | Soccer |
| Form subdivision | Fiction. |
| 9 (RLIN) | 37542 |
| 650 #1 - SUBJECT ADDED ENTRY--TOPICAL TERM | |
| Topical term or geographic name as entry element | Leadership |
| Form subdivision | Fiction. |
| 9 (RLIN) | 54699 |
| 650 #1 - SUBJECT ADDED ENTRY--TOPICAL TERM | |
| Topical term or geographic name as entry element | Teamwork (Sports) |
| Form subdivision | Fiction. |
| 9 (RLIN) | 41268 |
| 650 #1 - SUBJECT ADDED ENTRY--TOPICAL TERM | |
| Topical term or geographic name as entry element | Conduct of life |
| Form subdivision | Fiction. |
| 650 #1 - SUBJECT ADDED ENTRY--TOPICAL TERM | |
| Topical term or geographic name as entry element | High schools |
| Form subdivision | Fiction. |
| 650 #1 - SUBJECT ADDED ENTRY--TOPICAL TERM | |
| Topical term or geographic name as entry element | Schools |
| Form subdivision | Fiction. |
| 655 #7 - INDEX TERM--GENRE/FORM | |
| Genre/form data or focus term | Sports fiction. |
| Source of term | lcgft |
| 776 08 - ADDITIONAL PHYSICAL FORM ENTRY | |
| Display text | Online version: |
| Main entry heading | Kreie, Chris, author. |
| Title | Captain |
| Place, publisher, and date of publication | Minneapolis : Darby Creek, [2018] |
| International Standard Book Number | 9781541500280 |
| Record control number | (DLC) 2017037508 |
| 830 #0 - SERIES ADDED ENTRY--UNIFORM TITLE | |
| Uniform title | Kick! (Darby Creek (Firm)) |
| 9 (RLIN) | 44033 |
| 852 1# - LOCATION/CALL NUMBER | |
| -- | p7.99usd |
| 852 1# - LOCATION/CALL NUMBER | |
| -- | p7.99usd |
| 940 2# - EQUIVALENCE OR CROSS-REFERENCE--UNIFORM TITLE [OBSOLETE] [CAN/MARC only] | |
| Uniform title | <a href="2.7">2.7</a> |
| -- | Young Adult |
| Date of treaty signing | 08/16/18 |
| Version | Voice of Youth Advocates (V.O.Y.A.), April 2018 |
| -- | FSS |
| 942 ## - ADDED ENTRY ELEMENTS (KOHA) | |
| Koha item type | Book |
| Withdrawn status | Lost status | Source of classification or shelving scheme | Damaged status | Not for loan | Home library | Current library | Shelving location | Date acquired | Total Checkouts | Full call number | Barcode | Date last seen | Date checked out | Cost, replacement price | Price effective from | Koha item type |
|---|---|---|---|---|---|---|---|---|---|---|---|---|---|---|---|---|
| Available | Dewey Decimal Classification | Martha's Vineyard High School Library | Martha's Vineyard High School Library | QUICK READS | 09/12/2018 | 2 | FIC/KRE | 39844500060169 | 08/10/2025 | 10/17/2023 | 8.00 | 09/12/2018 | Book | |||
| Available | Dewey Decimal Classification | Martha's Vineyard High School Library | Martha's Vineyard High School Library | SPORTS FICTION | 09/12/2018 | 6 | FIC/KRE | 39844500060168 | 11/18/2025 | 10/08/2025 | 8.00 | 09/12/2018 | Book |
